Observations on some timber operations in the state of Sabah, Malaysia and the islands of Mindanao and Samar, Republic of the Philippines : a study tour report

Bibliographic Details
Main Author: CHUA
Other Authors: Daud Abdul Rahman, Marn
Format: Book
Published: Kuching, Sarawak : Forest Department , 1981
Subjects:

MARC

LEADER 00000cam a2200000 7i4500
001 0000001512
005 20011204.0
090 0 0 |a 634.98   |b CHU 1981 
100 1 0 |a CHUA   |h Danny Kee Hui 
245 1 0 |a Observations on some timber operations in the state of Sabah, Malaysia and the islands of Mindanao and Samar, Republic of the Philippines :   |b a study tour report   |c prepared by Danny Chua Kee Hui, Daud Abdul Rahman and Harald Mattsson Marn 
260 0 0 |a Kuching, Sarawak :   |b Forest Department ,   |c 1981 
300 |a v, 29 p. :   |b ill. ;   |c 30 cm. 
650 0 0 |a Forests and forestry   |z Malaysia   |z Sabah 
650 0 0 |a Forests and forestry   |z Philippines   |z Mindanao 
650 0 0 |a Logging 
700 0 1 |a Daud Abdul Rahman 
700 0 1 |a Marn   |h Harold Mattsson 
998 |a JPSM 
999 |a 0000003929   |b Monograph   |c Open Shelf   |e Default branch